Statistics for Big Airplane Quiz

Click here to take the quiz!

General Stats

  • This quiz has been taken 44 times
  • The average score is 10 of 15

Answer Stats

Answer% Correct
A380
94%
747
91%
A330
88%
A340
88%
737
82%
757
82%
767
82%
787
82%
Dc 3
53%
Dc 8
53%
Dash-8
47%
MD-80
47%
ATR 72
44%
CRJ
44%
L-10-11
26%

Score Distribution

Percentile by Number Answered

Percent of People with Each Score

Your Score History

You have not taken this quiz